000 00466nam a2200157 i 4500
001 80883
003 ES-MaACL
005 20230906174324.0
007 t|
008 041102s1910 fr ||||1| fre d
100 1 _aHoutin, Albert.
_964362
245 1 0 _aAutour d'une prètrfe marie
_b: histoire d'une polemique /
_cAlbert Houtin.
260 _aParis :
_b[s.n.,
_c1910] (
_eValence :
_fDuétol et Lamberl)
300 _a406 p. ;
_c19 cm.
852 _aES-MaACL
_jF-11366
999 _c80883
_d80883